| 000 | 01656nam0a22003251 4500 | ||
|---|---|---|---|
| 001 | v19\rc\1781461 | ||
| 005 | 20250619073537.0 | ||
| 035 | _a(NLR Aleph) 004875471 | ||
| 090 |
_a5127751 _c5127751 |
||
| 100 | _a20061204d1904 |||y0rusy50 ca | ||
| 101 | 0 | _arus | |
| 102 | _aRU | ||
| 105 | _ay z ||||| | ||
| 200 | 1 |
_aПервый Всероссийский съезд ветеринарных врачей _fПод руководством преп. Орг. ком. Первого Всерос. съезда вет. врачей А.Е. Архангельского, сост. делопроизводитель того же Ком. П.Д. Осипчук _gФотогр. снимки исполнены фотографом А. Оцупом |
|
| 210 |
_aСанкт-Петербург _cОрг. ком. Первого Всерос. съезда вет. врачей _d1904 |
||
| 215 |
_a44 с., 32 л. фотогр. _d25х31 |
||
| 300 | _aНа с. 35 авт.: Петр Осипчук | ||
| 700 | 1 |
_aОсипчук _bП.Д. _f1869- _gПетр Дмитриевич |
|
| 702 | 1 |
_4340 _7ca _8rus _aАрхангельский _bА. Е. _cветеринар _f1858-1906 _gАлексей Ефимович _9221157 _3RU\NLR\AUTH\770221213 |
|
| 702 | 1 |
_aОцуп _bА.А. _gАлександр Адольфович _4440 |
|
| 712 | 1 | 2 |
_aВсероссийский съезд ветеринарных врачей _d1 _f1903 _eПетербург |
| 801 | 0 |
_aRU _bNLR _gpsbo |
|
| 801 | 0 |
_aRU _bRuMoRGB _2psbo |
|
| 801 | 1 |
_aRU _bProSoft-M _2rusmarc |
|
| 852 |
_aNLR _j38.25.2.35 |
||
| 899 |
_aRuMoRGB _jA 298/793 |
||
| 899 | _aБАН | ||
| 942 | _cBOOK | ||
| 980 | _aNB | ||